| 000 | 01337nam a2200385 a 4500 | ||
|---|---|---|---|
| 001 | 000108597 | ||
| 003 | CHAP | ||
| 005 | 20220329144018.0 | ||
| 008 | 140226s2013 it a |r| |||||||eng d | ||
| 010 | _a105059 | ||
| 011 | _a106031 | ||
| 020 | _a9789251074428 | ||
| 040 | _cCHAP | ||
| 090 | _aFolleto 18391y | ||
| 245 | 1 | 0 |
_aCEDAW, Convention on the elimination of all forms of discrimination against women : _ba tool for gender-sensitive agriculture and rural development policy and programme formulation; Guidelines for Ministries of Agriculture and FAO / _cpor FAO. |
| 260 |
_aRoma : _bFAO, _c2013. |
||
| 300 |
_av, 30 p. : _bil. |
||
| 590 |
_aBATCH-UPD _b05 _c20140226 _lUCH01 _h1110 |
||
| 590 |
_aE5995AHE _b05 _c20140226 _lUCH01 _h1110 |
||
| 590 |
_aE5995AHE _b05 _c20140226 _lUCH01 _h1112 |
||
| 590 |
_aE5995AHE _b05 _c20140226 _lUCH01 _h1113 |
||
| 590 |
_aE5995AHE _b05 _c20140226 _lUCH01 _h1125 |
||
| 590 |
_aE5995AHE _b05 _c20140226 _lUCH01 _h1135 |
||
| 650 | 1 | 4 |
_aConflictos sociales. _926641 |
| 650 | 1 | 4 |
_aDerechos humanos. _931916 |
| 650 | 1 | 4 |
_aDesarrollo rural. _932067 |
| 650 | 1 | 4 |
_aDiscriminación. _932713 |
| 650 | 1 | 4 |
_aEnfoque de género. _936945 |
| 650 | 1 | 4 |
_aFAO _939429 |
| 650 | 1 | 4 |
_aMujeres _xCondiciones sociales. _979401 |
| 650 | 1 | 4 |
_aPapel de la mujer. _9125629 |
| 901 | _aBK | ||
| 942 | _cLIBRO | ||
| 942 | _n0 | ||
| 999 |
_c105059 _d105059 |
||